000 00368nam a2200097Ia 4500
008 180130s9999 xx 000 0 und d
245 _cRowley, Chris; Bae, Johngseok
_aHuman resource management in South Korea
260 _c2014
300 _aBook title: Managing human resources in Asia-Pacific--Acession number C18630; pages 31-63
650 _aPERSONNEL MANAGEMENT--ASIA
999 _c353811
_d353811